书目信息 |
| 题名: |
交通建筑
|
|
| 作者: | 张晶 编著 | |
| 分册: | ||
| 出版信息: | 南昌 江西科学技术出版社 1998.05 |
|
| 页数: | 94页 | |
| 开本: | 26cm | |
| 丛书名: | 公共建筑设计系列 | |
| 单 册: | ||
| 中图分类: | TU242 , TU248 | |
| 科图分类: | ||
| 主题词: | 民用建筑--建筑设计 | |
| 电子资源: | ||
| ISBN: | 7-5390-1330-3 | |
| 000 | 00674nam0 2200241 450 | |
| 001 | 0771058515 | |
| 005 | 20071226194447.06 | |
| 010 | @a7-5390-1330-3@dCNY48.00 | |
| 100 | @a20071226d1998 km y0chiy0120 ea | |
| 101 | 0 | @achi |
| 102 | @aCN@b360000 | |
| 200 | 1 | @a交通建筑@Ajiao tong jian zhu@f张晶等编著@Fzhang jing deng bian zhu |
| 210 | @a南昌@c江西科学技术出版社@d1998.05 | |
| 215 | @a94页@d26cm | |
| 225 | 2 | @a公共建筑设计系列 |
| 410 | 0 | @12001 @a公共建筑设计系列 |
| 606 | 0 | @a民用建筑@x建筑设计 |
| 690 | @aTU242@v3 | |
| 690 | @aTU248@v4 | |
| 701 | 0 | @a张晶@Azhang jing@4编著 |
| 801 | 0 | @aCN@bNISOFT@c20071226 |
| 905 | @aBZT@dTU248@e2 | |
| 906 | @dCNY48.00@n0@r1 | |
| 交通建筑/张晶等编著.-南昌:江西科学技术出版社,1998.05 |
| 94页;26cm.-(公共建筑设计系列) |
| ISBN 7-5390-1330-3:CNY48.00 |
| ● |
| 相关链接 |
|
|
|
正题名:交通建筑
索取号:TU248/2
 
预约/预借
| 序号 | 登录号 | 条形码 | 馆藏地/架位号 | 状态 | 备注 |
| 1 | 638040 | 2000638040 | 中心书库中库/ 中库023架A面7列4层1/ [索取号:TU248/2] | 在馆 | |
| 2 | 638041 | 2000638041 | 中心书库中库/ 中库023架A面7列4层10/ [索取号:TU248/2] | 在馆 | |
| 3 | 638042 | 2000638042 | 中心书库中库/ 中库023架A面7列4层9/ [索取号:TU248/2] | 在馆 | |
| 4 | 638043 | 2000638043 | 中心书库中库/ 中库023架A面7列4层3/ [索取号:TU248/2] | 在馆 | |
| 5 | 638044 | 2000638044 | 中心书库中库/ 中库023架A面7列4层6/ [索取号:TU248/2] | 在馆 | |
| 6 | 638045 | 2000638045 | 中心书库中库/ 中库023架A面7列4层5/ [索取号:TU248/2] | 在馆 | |
| 7 | 638046 | 2000638046 | 中心书库中库/ 中库023架A面7列4层8/ [索取号:TU248/2] | 在馆 | |
| 8 | 638047 | 2000638047 | 中心书库中库/ 中库023架A面7列4层4/ [索取号:TU248/2] | 在馆 | |
| 9 | 638048 | 2000638048 | 中心书库中库/ 中库023架A面7列4层7/ [索取号:TU248/2] | 在馆 | |
| 10 | 638049 | 2000638049 | 中心书库中库/ 中库023架A面7列4层2/ [索取号:TU248/2] | 在馆 |